| Tag |
First Indicator |
Second Indicator |
Subfields |
| LEADER |
00000cam a2200000 4500 |
| 001 |
in00000042597 |
| 005 |
20151007074755.0 |
| 008 |
750708s1959 nyuach b 00000 eng u |
| 010 |
|
|
|a 59006081
|
| 035 |
|
|
|a (OCoLC)01434802
|
| 035 |
|
|
|9 AAF2074AM
|
| 040 |
|
|
|c ORL
|d MCL
|d TXA
|d UtOrBLW
|
| 049 |
|
|
|a TXAM [Also in] [Med Sci]
|c 1 [427427]
|
| 050 |
0 |
0 |
|a QL953
|b .N4 1959
|
| 082 |
0 |
|
|a 591.3309
|
| 092 |
|
|
|a 591.3309
|b N374h, 1959
|
| 100 |
1 |
|
|a Needham, Joseph,
|d 1900-1995.
|
| 245 |
1 |
2 |
|a A history of embryology.
|
| 250 |
|
|
|a 2d ed., rev.
|b with the assistance of Arthur Hughes.
|
| 264 |
|
1 |
|a New York :
|b Abelard-Schuman,
|c [1959]
|
| 300 |
|
|
|a 303 pages :
|b illustrations, portraits, diagrams, facsimiles ;
|c 24 cm.
|
| 336 |
|
|
|a text
|b txt
|2 rdacontent
|
| 337 |
|
|
|a unmediated
|b n
|2 rdamedia
|
| 338 |
|
|
|a volume
|b nc
|2 rdacarrier
|
| 504 |
|
|
|a Bibliography: pages 241-292.
|
| 650 |
|
0 |
|a Embryology
|x History.
|
| 650 |
|
0 |
|a Embryology
|x Bibliography.
|
| 999 |
|
|
|a MARS
|
| 999 |
f |
f |
|s c5de4106-c824-3a71-aaed-4e4acd1ae21f
|i 40e57889-cc83-341c-8173-788dcba44f95
|t 0
|
| 952 |
f |
f |
|p ric
|a Texas A&M University
|b Rellis Campus
|c Joint Library Facility
|d Remote Storage
|t 0
|e QL953 .N4 1959
|h Library of Congress classification
|i unmediated -- volume
|m A14801006577
|
| 998 |
f |
f |
|a QL953 .N4 1959
|t 0
|l Remote Storage
|